000 01059nmm a2200313 a 4500
001 ocm000604383
003 TR-IsHL
005 20201028125038.0
008 110704s2009 tu tur
007 cr cn
020 _a9789944606233
035 _a604383
_b(N$T)
050 0 4 _aHC492
_b.E74 2009
090 0 4 _aHC492
_b.E74 2009
100 1 _aEren, Nevzat
245 1 0 _aEkonomik rapor: 2009 yılında Türkiye ve dünya ekonomisi
_h[electronic resource] /
_cNevzat Eren ; Beril Tezcan Çotuk
250 _a1. bs.
260 _aİstanbul :
_bİstanbul Ticaret Odası,
_c2009
300 _a212 p.
650 4 _aEkonomi ve Finans
650 4 _aEconomics and Finance
650 0 _aTürkiye
_xEkonomi politikası
650 0 _aTurkey
_xEconomic policy
650 0 _aTürkiye
_xEkonomik koşullar
650 0 _aTurkey
_xEconomic conditions
650 7 _aBUSINESS & ECONOMICS / Economic Conditions
_2bisacsh
700 1 _aÇotuk, Beril Tezcan
856 4 0 _uhttp://search.ebscohost.com/login.aspx?direct=true&scope=site&db=e011xww&AN=604383
999 _c3274
_d3274